000 00522cam a2200205u 4500
001 6391869
005 20180221045248.0
007 cr_|||||||||||
008 811117s1896 xx af 000 0 eng
010 _a 25017785
040 _aDLC
_cCarP
_dDLC
041 _aeng
080 _a37 GAB
100 1 _a48
101 _aEDU
245 1 4 _aThe child world.
530 _aAlso available in digital form on the Internet Archive Web site.
906 _a0
_bcbc
_cpremunv
_du
_encip
_f19
_gy-gencatlg
942 _2ddc
_cBK
999 _c43024
_d43024